000
00337pab a2200145 454500
008
180718b1990 xxu||||| |||| 00| 0 eng d
100
_a
Randhir Singh
245
_a
Reservations
_b
A different view
260
_c
1990
300
_a
23-7
362
_a
20 Oct.
650
_a
Backward Classes - India
773
_a
Mainstream
909
_a
4572
999
_c
4572
_d
4572